Statistics for Mobile App Icon Quiz

Click here to take the quiz!

General Stats

  • This quiz has been taken 644 times
  • The average score is 29 of 40

Answer Stats

Answer% Correct
Facebook
99%
Google Chrome
99%
YouTube
99%
Twitter
96%
Snapchat
95%
Instagram
93%
Netflix
92%
Amazon
91%
Spotify
90%
Google maps
89%
Safari
88%
Tiktok
88%
Firefox
87%
PayPal
87%
Whatsapp
86%
iTunes
85%
Facebook messenger
81%
Discord
79%
Pinterest
79%
Reddit
79%
The app store
78%
Google play store
77%
Google translate
75%
Walmart
74%
Google drive
72%
Google photos
72%
LinkedIn
69%
Duolingo
67%
Google calendar
64%
Dropbox
58%
Bing
56%
YT music
54%
Telegram
49%
Threads
49%
Cash app
48%
Google Earth
41%
ChatGPT
37%
Waze
34%
Microsoft office
29%
Flipboard
9%

Score Distribution

Percentile by Number Answered

Percent of People with Each Score

Your Score History

You have not taken this quiz